Classical Music from A-Z #8 - Statistics

General Stats
  • This quiz has been taken 71 times
  • The average score is 12 of 24
Answer Stats
Hint Answer % Correct
N Birth country of the composer of "Peer Gynt Suite" Norway
93%
H The only string instrument without a bow (not a piano, which technically is a percussion instrument) harp
88%
U Pitches moving to the right on a piano are going..... up
79%
Y You can tell if a piano's keys were made of ivory because they will almost certainly be this color! yellow
79%
R Joplin's genre- not "classical" but certainly classic ragtime
77%
V Italian term for very fast and lively vivace
73%
F Orchestral Suite/Ballet by Igor Stravinsky, one of his earliest works Firebird
71%
A Verdi opera set in Egypt Aida
70%
S Mozart's rival at court, depicted as a villain in the play "Amadeus" Salieri
70%
W A very important body part for a pianist- its positions affect the success of musical phrasing and articulation wrist
66%
O Handel's "Messiah" for example oratorio
63%
G String instrument similar, but smaller, than a cello: viola de ______ gamba
57%
Q He rang the bells in Notre Dame Cathedral (fictional). Quasimodo
57%
D French composer (1865-1933) of "The Sorceror's Apprentice" Dukas
52%
J Piano solo by Ravel which translates literally as "Water Games" Jeux d'eau
39%
T A curved line connecting two of the same pitches indicating to hold for their combined value tie
39%
E Wealthy Hungarian family at whose magnificent estate Haydn worked for almost 15 years Esterhazy
32%
B 20th century Danish pianist who combined comedy and classical music to create a very successful, unique career Victor Borge
30%
K Name of Sibelius' compositions, Opus 10 and 11, an orchestral suite and an overture Karelia
29%
C A Baroque-era compostion which features a small group of soloists and a full orchestra concerto grosso
21%
I Opera described as a "lyrical tragedy" composed by Mozart at age 24 Idomeneo
21%
P Designation of any composition played at end of a church service postlude
11%
L Nickname for Beethoven's piano sonata #26 Les A'dieux
7%
M Melodic line sung on one syllable melisma
7%
No matching quizzes found
Score Distribution
Percent of People with Each Score
Percentile by Number Answered
Your Score History
You have not taken this quiz